Statistiques concernant Les prénoms dans les titres de films

Cliquez ici pour prendre le quiz!

Statistiques générales

  • Ce quiz a été pris 1 269 fois
  • Le résultat moyen est 13 sur 28

Statistiques - réponses

Titre incompletIndicesPrénom% Correct
Le fabuleux destin d'... Poulain2001 - Jean-Pierre JeunetAmélie
98%
... au pays des merveilles2010 - Tim BurtonAlice
92%
... Poppins1965 - Robert StevensonMary
91%
... et la chocolaterie2005 - Tim BurtonCharlie
90%
... aux mains d'argent1991 - Tim BurtonEdward
82%
Belle et ...2013 - Nicolas VanierSébastien
74%
Le petit ...2009 - Laurent TirardNicolas
70%
Thelma et ...1991 - Ridley ScottLouise
68%
... des sources1986 - Claude BerriManon
62%
Quand ... rencontre Sally1989 - Rob ReinerHarry
58%
... Blanc-Sec2010 - Luc BessonAdèle
57%
Tatie ...1990 - Étienne ChatiliezDanielle
54%
... de la jungle1997 - Sam WeismanGeorge
49%
La reine ...1994 - Patrice ChéreauMargot
43%
... Raquin1953 - Marcel CarnéThérèse
42%
... et Jim1962 - François TruffautJules
41%
César et ...1972 - Claude SautetRosalie
32%
... le bienheureux1968 - Yves RobertAlexandre
28%
... Hall1977 - Woody AllenAnnie
25%
Vincent, François, ... et les autres1974 - Claude SautetPaul
25%
... Toulemonde2007 - Éric-Emmanuel SchmittOdette
20%
... et Monsieur Arnaud1995 - Claude SautetNelly
18%
... Nozière1978 - Claude ChabrolViolette
16%
Marius et ...1997 - Robert GuédiguianJeannette
14%
... à la plage1983 - Éric RohmerPauline
13%
Docteur ... Gailland1976 - Jean-Louis BertuccelliFrançoise
12%
La nouvelle ...1999 - Catherine CorsiniEve
10%
La ... du port1950 - Marcel CarnéMarie
6%

Distribution des résultats

Percentile par nombre de réponses

% des personnes avec chaque résultat

Votre développement - résultats

Vous n’avez pas pris ce quiz